[Event "SWE Team Ch 9394"]
[Site "Sweden"]
[Date "1994.??.??"]
[Round "8"]
[White "Karlsson, Lars C-G"]
[Black "Andersson, Bengt"]
[Result "1-0"]
[WhiteElo "2520"]
[BlackElo "2140"]
[PlyCount "61"]
[EventDate "1993.??.??"]
[Source "www.chesslib.no"]
[SourceDate "2004.05.04"]

1. c4 c5 2. Nc3 Nf6 3. g3 Nc6 4. Bg2 e6 5. Nf3 d5 6. cxd5 Nxd5 7. O-O Be7 8. d3 O-O 9. Bd2 b6 10. a3 Bb7 11. Qa4 a6 12. Rfc1 Qd7 13. Qd1 Rfc8 14. Na4 Qd8 15. e3 Rab8 16. Rab1 Nf6 17. Be1 Nd7 18. b4 cxb4 19. axb4 Qf8 20. b5 axb5 21. Rxb5 Ba6 22. Rbb1 b5 23. Nb2 Ba3 24. d4 Nb6 25. Ng5 Nc4 26. Nxc4 bxc4 27. Bxc6 Rxb1 28. Rxb1 Rxc6 29. Qa4 Rc8 30. Qxa6 c3 31. Qd3 1-0

[Event "SWE-chT 9900"]
[Site "?"]
[Date "1999.??.??"]
[Round "5"]
[White "Sjoberg Mats"]
[Black "Hjelm Niclas"]
[Result "1-0"]
[WhiteElo "2348"]
[BlackElo "2306"]
[PlyCount "63"]
[EventDate "1999.??.??"]
[Source "www.chesslib.no"]
[SourceDate "2004.05.04"]

1. c4 c5 2. Nc3 Nf6 3. g3 d5 4. cxd5 Nxd5 5. Bg2 Nc7 6. Nf3 Nc6 7. O-O e5 8. d3 Be7 9. b3 O-O 10. Bb2 Bg4 11. Rc1 f6 12. a3 Qd7 13. Na4 Ne6 14. h3 Bh5 15. Nd2 Rac8 16. Ne4 b6 17. Nac3 Ned4 18. Nd2 f5 19. Rb1 Kh8 20. Qe1 Bg5 21. e3 Nc2 22. Qc1 Qxd3 23. Nf3 Bxf3 24. Bxf3 N6d4 25. Qd1 Nxf3+ 26. Qxf3 e4 27. Qh5 Bf6 28. Rfd1 Qa6 29. Rd2 Nxa3 30. Ra1 Rcd8 31. Rxa3 Qxa3 32. Rxd8 1-0

[Event "Recklinghausen"]
[Site "?"]
[Date "1998.??.??"]
[Round "?"]
[White "Kalka Arkadius Georg"]
[Black "Aumann Welf"]
[Result "1-0"]
[WhiteElo "2350"]
[BlackElo "2300"]
[PlyCount "77"]
[EventDate "1998.??.??"]
[Source "www.chesslib.no"]
[SourceDate "2004.05.04"]

1. c4 c5 2. Nc3 Nf6 3. g3 d5 4. cxd5 Nxd5 5. Bg2 Nc7 6. Nf3 Nc6 7. a3 g6 8. h4 h6 9. d3 Bg7 10. Bd2 Rb8 11. Rc1 b6 12. b4 cxb4 13. axb4 Bb7 14. Qa4 O-O 15. O-O Ne6 16. Rfd1 Ncd4 17. Nxd4 Nxd4 18. Bf4 Bxg2 19. Bxb8 Ba8 20. Bf4 Nxe2+ 21. Nxe2 Qd5 22. Kf1 Qh1+ 23. Ng1 Bf3 24. Be3 Qg2+ 25. Ke1 Qxg1+ 26. Kd2 Bxd1 27. Rxd1 Qg2 28. Qd7 e6 29. Rc1 Qf3 30. Rc7 a5 31. b5 Qf6 32. Bxb6 a4 33. Ra7 a3 34. Ke3 Qe5+ 35. Kf3 Qf5+ 36. Kg2 Rb8 37. Qc7 Qd5+ 38. Kh2 Ra8 39. Qxf7+ 1-0

[Event "SVK-chT 0203"]
[Site "?"]
[Date "2002.??.??"]
[Round "2"]
[White "Pcola Pavol"]
[Black "Horvath Mario"]
[Result "1/2-1/2"]
[WhiteElo "2367"]
[BlackElo "2283"]
[PlyCount "28"]
[EventDate "2002.??.??"]
[Source "www.chesslib.no"]
[SourceDate "2004.05.04"]

1. c4 c5 2. Nc3 Nf6 3. g3 g6 4. Bg2 Bg7 5. Nf3 d5 6. cxd5 Nxd5 7. Qb3 Nb4 8. a3 N4c6 9. O-O O-O 10. d3 Na5 11. Qc2 Be6 12. Nd2 Nbc6 13. Rb1 Nd4 14. Qd1 Ndb3 1/2-1/2

[Event "Martinez Valle op2"]
[Site "Martinez Valle"]
[Date "1993.??.??"]
[Round "3"]
[White "Rios, Alejandro"]
[Black "Fuentes, Alberto"]
[Result "0-1"]
[WhiteElo "2335"]
[BlackElo "2315"]
[PlyCount "52"]
[EventDate "1993.??.??"]
[Source "www.chesslib.no"]
[SourceDate "2004.05.04"]

1. c4 c5 2. Nc3 Nf6 3. g3 d5 4. cxd5 Nxd5 5. Bg2 Nc7 6. Nf3 Nc6 7. O-O e5 8. d3 Be7 9. Be3 O-O 10. Nd2 Bd7 11. Rc1 b6 12. a3 Rc8 13. Nc4 f6 14. Bd2 Nd4 15. Ne3 Be6 16. f4 exf4 17. Rxf4 f5 18. Rf2 Nb3 19. Rb1 Nxd2 20. Qxd2 Bg5 21. Rf3 Nd5 22. Ncxd5 Bxd5 23. Rf2 Bxg2 24. Kxg2 Qd4 25. Rf3 Rce8 26. Kf2 Rxe3 0-1

[Event "Binissalem op 16th"]
[Site "?"]
[Date "2003.09.07"]
[Round "3"]
[White "Ducros Salva Antonio"]
[Black "Gamundi Salamanca Antonio"]
[Result "0-1"]
[WhiteElo "2188"]
[BlackElo "2453"]
[PlyCount "76"]
[EventDate "2003.??.??"]
[Source "www.chesslib.no"]
[SourceDate "2004.05.04"]

1. c4 c5 2. Nc3 Nf6 3. g3 d5 4. cxd5 Nxd5 5. Bg2 Nc7 6. d3 Qd7 7. Be3 e5 8. Nh3 Nc6 9. f4 Be7 10. Qd2 O-O 11. O-O Rb8 12. Nf2 b6 13. fxe5 Nxe5 14. Bf4 Nc6 15. Nfe4 Bb7 16. Bg5 f6 17. Bf4 Rbd8 18. Qd1 Ne6 19. Be3 Ncd4 20. Rf2 f5 21. Nd2 Bxg2 22. Rxg2 Bg5 23. Bf2 Bxd2 24. Qxd2 f4 25. Kh1 f3 26. exf3 Nxf3 27. Qe3 Ned4 28. Rc1 Rde8 29. Ne4 Ne5 30. Qd2 Ndf3 31. Qe2 Qxd3 32. Rc2 Qxe2 33. Rxe2 Nd3 34. Re3 Nxb2 35. Nf6+ gxf6 36. Rxf3 Nc4 37. Rc3 Re4 38. Bg1 Rd8 0-1

[Event "Tatry Open"]
[Site "?"]
[Date "2003.10.04"]
[Round "9"]
[White "Kantorik Marian"]
[Black "Motuz Karol"]
[Result "1-0"]
[WhiteElo "2272"]
[BlackElo "2366"]
[PlyCount "125"]
[EventDate "2003.??.??"]
[Source "www.chesslib.no"]
[SourceDate "2004.05.04"]

1. c4 c5 2. Nc3 Nf6 3. g3 e6 4. Bg2 Be7 5. Nf3 O-O 6. O-O a6 7. b3 d6 8. Bb2 Qc7 9. d4 b6 10. e4 cxd4 11. Qxd4 Bb7 12. Rfe1 Nbd7 13. Rad1 Rfd8 14. h3 Bf8 15. Qe3 Rac8 16. Nd4 g6 17. Rd2 Qb8 18. Kh2 Re8 19. Nc2 Qa8 20. Na4 b5 21. Bxf6 bxa4 22. Bb2 Nc5 23. b4 Nd7 24. c5 Ne5 25. Na3 Qb8 26. f4 Nc6 27. Nc4 dxc5 28. bxc5 Rcd8 29. Red1 Rxd2 30. Rxd2 Rd8 31. Qc3 e5 32. Rxd8 Qxd8 33. Nxe5 Qf6 34. Nxc6 Qxc3 35. Bxc3 Bxc6 36. Bd4 f6 37. e5 fxe5 38. fxe5 Bxg2 39. Kxg2 Kf7 40. Kf3 Ke6 41. Ke4 Be7 42. g4 Bd8 43. Bf2 Bc7 44. Bg3 Bd8 45. Kd4 Bc7 46. c6 Bd8 47. Kc5 g5 48. Be1 Bc7 49. Bc3 Bd8 50. Kd4 Bc7 51. Ke4 a3 52. Bd4 Bd8 53. Bc5 Bc7 54. Bd6 Bxd6 55. exd6 Kxd6 56. Kf5 h6 57. Kg6 Kxc6 58. Kxh6 Kc5 59. Kxg5 Kc4 60. h4 Kc3 61. h5 Kb2 62. h6 Kxa2 63. h7 1-0

[Event "Graz Open"]
[Site "Graz AUT"]
[Date "1994.??.??"]
[Round "9"]
[White "Ebner, Hubert"]
[Black "Schroll, Gerhard"]
[Result "0-1"]
[WhiteElo "2265"]
[BlackElo "2370"]
[PlyCount "82"]
[EventDate "1994.09.??"]
[Source "www.chesslib.no"]
[SourceDate "2004.05.04"]

1. c4 c5 2. Nc3 Nf6 3. g3 Nc6 4. Bg2 g6 5. Rb1 Bg7 6. a3 a5 7. Nh3 O-O 8. Nf4 d6 9. O-O Rb8 10. d3 Bd7 11. Bd2 Ne8 12. Na2 e6 13. e3 Ra8 14. Qc2 Ra7 15. Bc3 Ne5 16. d4 Nxc4 17. dxc5 Bxc3 18. Qxc3 b5 19. cxd6 Qb6 20. Rfd1 Nexd6 21. h4 Rc8 22. h5 Rac7 23. Qf6 Ne8 24. Qh4 Bc6 25. Bxc6 Qxc6 26. Rbc1 Qa8 27. Kf1 Nxe3+ 28. fxe3 Qf3+ 29. Kg1 Rxc1 30. Rxc1 Qxe3+ 31. Kh2 Qd2+ 32. Kh3 Rxc1 33. Nxc1 Qxc1 34. Qe7 Qc8 35. Kh4 Ng7 36. g4 Qe8 37. Qf6 gxh5 38. Nxh5 Nxh5 39. Kxh5 e5 40. Kh6 Qe6 41. Qxe6 fxe6 0-1

[Event "Independence Cup op"]
[Site "?"]
[Date "2001.08.22"]
[Round "?"]
[White "Semenova Lidia K"]
[Black "Matorin Evgeny"]
[Result "1-0"]
[WhiteElo "2256"]
[BlackElo "2375"]
[PlyCount "95"]
[EventDate "2001.??.??"]
[Source "www.chesslib.no"]
[SourceDate "2004.05.04"]

1. c4 c5 2. Nc3 Nf6 3. g3 d5 4. cxd5 Nxd5 5. Bg2 Nc7 6. b3 e5 7. Bb2 Be7 8. Rc1 f6 9. Nh3 O-O 10. O-O Nc6 11. f4 Be6 12. fxe5 fxe5 13. Rxf8+ Qxf8 14. Nf2 c4 15. bxc4 Bxc4 16. Qa4 Bf7 17. Bxc6 bxc6 18. Qxc6 Rb8 19. Ba1 Ne6 20. Rf1 Qd8 21. d3 Bc5 22. Nce4 Rc8 23. Qa4 Nd4 24. Bxd4 Bxd4 25. Nd2 Qd5 26. a3 Bh5 27. e4 Qd6 28. Kg2 Rf8 29. g4 Be8 30. Qb3+ Bf7 31. Qd1 Qxa3 32. Nf3 Bb3 33. Qd2 Qa4 34. Nxd4 Qxd4 35. Rc1 a5 36. Nd1 a4 37. Qc3 Qd7 38. Ne3 Rd8 39. Qxe5 Qxd3 40. Rc3 Qd4 41. Qxd4 Rxd4 42. Kf3 g5 43. Nf5 Rd7 44. e5 Kf7 45. Nd6+ Ke6 46. Ke4 Bd5+ 47. Kd4 Ra7 48. Nb5 1-0

[Event "JUG Team Ch"]
[Site "Cetinje"]
[Date "1993.??.??"]
[Round "5"]
[White "Raicevic, Ivica"]
[Black "Kosanovic, Dragan"]
[Result "1-0"]
[WhiteElo "2310"]
[BlackElo "2320"]
[PlyCount "117"]
[EventDate "1993.??.??"]
[Source "www.chesslib.no"]
[SourceDate "2004.05.04"]

1. c4 c5 2. Nc3 Nf6 3. g3 d5 4. cxd5 Nxd5 5. Bg2 Nc7 6. Nf3 Nc6 7. d3 e5 8. O-O Be7 9. Nd2 Bd7 10. Nc4 f6 11. Bd2 O-O 12. Rc1 Rc8 13. Ne3 Kh8 14. a3 b6 15. Ncd5 Nxd5 16. Nxd5 Bd6 17. b4 cxb4 18. axb4 Nd4 19. Rxc8 Qxc8 20. e3 Nb5 21. Qa1 Qc2 22. Rd1 Qxd3 23. Be1 Qf5 24. Nc3 Bb8 25. Qa4 Nd6 26. b5 Qh5 27. Qb4 Qg4 28. Qa3 Rc8 29. Rxd6 Bxd6 30. Qxd6 Qe6 31. Qa3 h6 32. Qxa7 Qd6 33. Qb7 Bf5 34. Qd5 Qa3 35. e4 Bg6 36. Qd2 Qb3 37. Bh3 Ra8 38. Qd5 Ra3 39. Be6 Qxd5 40. exd5 Ra1 41. d6 Rxe1+ 42. Kg2 Ra1 43. Bc8 Be8 44. d7 Bxd7 45. Bxd7 Ra8 46. Bc6 Rb8 47. Kf3 f5 48. Nd5 Kh7 49. Ne3 Kg6 50. Bd7 Rf8 51. Nc4 e4+ 52. Kf4 Kh5 53. h3 g5+ 54. Ke5 g4 55. h4 f4 56. Kxe4 fxg3 57. fxg3 Rd8 58. Ne5 Rg8 59. Be6 1-0

[Event "AUT-chT2S 9697"]
[Site "Austria"]
[Date "1997.??.??"]
[Round "10"]
[White "Titz, Heimo"]
[Black "Reichmann, Egon"]
[Result "0-1"]
[WhiteElo "2305"]
[BlackElo "2325"]
[PlyCount "110"]
[EventDate "1996.??.??"]
[Source "www.chesslib.no"]
[SourceDate "2004.05.04"]

1. c4 c5 2. Nc3 Nf6 3. g3 d5 4. cxd5 Nxd5 5. Bg2 Nc7 6. Qb3 Nc6 7. Bxc6+ bxc6 8. Qa4 Qd7 9. d3 e5 10. Nf3 f6 11. Be3 Ne6 12. O-O Rb8 13. Rab1 Rb4 14. Qc2 Nd4 15. Bxd4 cxd4 16. Ne4 Qd5 17. Rfc1 Bd7 18. a3 Rb5 19. b4 Be7 20. Nc5 Bxc5 21. bxc5 O-O 22. Rxb5 cxb5 23. c6 Rc8 24. c7 Qd6 25. Qb3+ Kf8 26. Qb4 Qxb4 27. axb4 Bg4 28. Kg2 Ke7 29. Rc5 Kd6 30. Rxb5 Rxc7 31. Ra5 Kc6 32. h3 Bh5 33. Nxd4+ exd4 34. Rxh5 g5 35. h4 Kb5 36. hxg5 fxg5 37. Rxg5+ Kxb4 38. Rd5 a5 39. Rxd4+ Kb3 40. Rd6 Ra7 41. Rb6+ Kc2 42. Rh6 a4 43. Rh1 a3 44. f4 a2 45. Kf3 a1=Q 46. Rxa1 Rxa1 47. g4 Kd2 48. d4 Ra3+ 49. Ke4 Re3+ 50. Kf5 Kxe2 51. Kg5 Kf3 52. f5 Re4 53. Kh6 Kxg4 54. f6 Rf4 55. Kg7 Kf5 0-1

[Event "Seefeld"]
[Site "?"]
[Date "2001.09.16"]
[Round "2"]
[White "Niedermayer Anton"]
[Black "Womacka Mathias"]
[Result "0-1"]
[WhiteElo "2157"]
[BlackElo "2469"]
[PlyCount "96"]
[EventDate "2001.??.??"]
[Source "www.chesslib.no"]
[SourceDate "2004.05.04"]

1. c4 c5 2. Nc3 Nf6 3. g3 d5 4. cxd5 Nxd5 5. Bg2 Nc7 6. d3 e5 7. Nf3 Nc6 8. O-O Be7 9. Ne1 Bd7 10. Nc2 O-O 11. Ne3 Rb8 12. Ned5 Nxd5 13. Nxd5 Bd6 14. b3 Be6 15. Bb2 Qd7 16. Qd2 Rbd8 17. Nc3 Be7 18. Rfd1 h6 19. Rac1 b6 20. Rb1 Bg5 21. Qe1 f5 22. Na4 Bf6 23. Bc3 Qd6 24. Ba1 Nd4 25. e3 Nc2 26. Qe2 Nxa1 27. Rxa1 e4 28. dxe4 Bxa1 29. Rxd6 Rxd6 30. exf5 Bxf5 31. h4 Rfd8 32. Qc4+ Be6 33. Qe4 Bf7 34. Qb7 R6d7 35. Qc6 Rd1+ 36. Kh2 R1d2 37. Kg1 Rxa2 38. Be4 Bf6 39. Nxb6 axb6 40. Qxb6 Be7 41. Qc7 Kf8 42. Qc6 Bxb3 43. Bf3 Bf7 44. h5 c4 45. Qc7 Rad2 46. Be4 R2d7 47. Qc6 Rd6 48. Qc7 Be6 0-1

[Event "Berlin GER"]
[Site "?"]
[Date "2001.03.04"]
[Round "5"]
[White "Rovenski Evgenij"]
[Black "Reichenbach Werner"]
[Result "0-1"]
[WhiteElo "2316"]
[BlackElo "2308"]
[PlyCount "110"]
[EventDate "2001.??.??"]
[Source "www.chesslib.no"]
[SourceDate "2004.05.04"]

1. c4 c5 2. Nc3 Nf6 3. g3 d5 4. cxd5 Nxd5 5. Bg2 Nc7 6. Nf3 Nc6 7. O-O e5 8. d3 Be7 9. Be3 O-O 10. Nd2 Bd7 11. Rc1 Rc8 12. Nc4 f6 13. a4 b6 14. f4 exf4 15. Bxf4 Be8 16. Bxc7 Qxc7 17. Qe1 Bf7 18. Qf2 Qd7 19. Rcd1 Nb4 20. b3 Rcd8 21. Rd2 Be6 22. Rfd1 f5 23. e3 Bf6 24. Nb5 a6 25. Nbd6 b5 26. Nb7 bxc4 27. dxc4 Qc7 28. Nxd8 Bxd8 29. Rd6 Qe7 30. Qf3 Bc7 31. R6d2 Bc8 32. Kf2 h6 33. Qh5 Qf6 34. Bf3 Kh7 35. Rc1 Nc6 36. Bxc6 Qxc6 37. Qf3 Qxf3+ 38. Kxf3 Bb7+ 39. Ke2 Bc6 40. Rf1 Rf6 41. Rb2 a5 42. Rd2 Kg6 43. h3 Kg5 44. Kf2 h5 45. Rg1 Re6 46. Rd3 g6 47. Rd2 Re4 48. Rdd1 Kf6 49. Ke2 g5 50. Rdf1 h4 51. gxh4 Rxh4 52. Rf2 Rxh3 53. Rgf1 Be4 54. Rd1 Ke6 55. Rg1 g4 0-1

[Event "TCh-BEL 2007-8"]
[Site "Belgium BEL"]
[Date "2008.03.02"]
[Round "10"]
[White "Claesen, P."]
[Black "Van den Brande, W."]
[Result "0-1"]
[WhiteElo "2386"]
[BlackElo "2236"]
[PlyCount "64"]
[EventDate "2008.01.06"]
[Source "www.chesslib.no"]
[SourceDate "2004.05.04"]

1. c4 c5 2. Nc3 Nf6 3. g3 d5 4. cxd5 Nxd5 5. Bg2 Nc7 6. Qa4+ Bd7 7. Qb3 Nc6 8. Qxb7 Nd4 9. Qe4 g6 10. Qb1 Rb8 11. e3 Nc6 12. Nge2 Bg7 13. O-O O-O 14. d3 e5 15. Bd2 f5 16. f4 Kh8 17. a3 Be8 18. Qc2 Ne6 19. Rad1 Rc8 20. Nd5 g5 21. Bc3 gxf4 22. gxf4 Bh5 23. Rde1 Ncd4 24. Nxd4 cxd4 25. exd4 exd4 26. Rxe6 dxc3 27. Nxc3 Bd4+ 28. Kh1 Rg8 29. Rh6 Bf7 30. Qa4 Rxg2 31. Kxg2 Qg8+ 32. Kh1 Bd5+ 0-1

[Event "Bled Open"]
[Site "Bled SLO"]
[Date "1995.??.??"]
[Round "1"]
[White "Mali, Slavko"]
[Black "Justin, Matjaz"]
[Result "0-1"]
[WhiteElo "2225"]
[BlackElo "2395"]
[PlyCount "77"]
[EventDate "1995.03.??"]
[Source "www.chesslib.no"]
[SourceDate "2004.05.04"]

1. c4 c5 2. Nc3 Nf6 3. g3 e6 4. Bg2 d5 5. cxd5 exd5 6. d3 Nc6 7. Nf3 Be7 8. O-O O-O 9. Bg5 b6 10. e3 Re8 11. a3 h6 12. Bxf6 Bxf6 13. d4 c4 14. b3 cxb3 15. Qxb3 Be6 16. Ne2 g5 17. Rfc1 Qd7 18. Nc3 Kg7 19. Nd2 Rad8 20. Bf1 Na5 21. Qb5 Qd6 22. Qa6 Re7 23. Qd3 h5 24. Nb5 Qb8 25. a4 h4 26. Bg2 hxg3 27. hxg3 Red7 28. Rc2 Rc8 29. Rac1 Rxc2 30. Rxc2 Be7 31. Nf3 f6 32. Nd2 Bb4 33. Nc3 Qd8 34. Na2 Be7 35. Nb3 Nc4 36. Nc3 Na3 37. Ra2 Qc8 38. Nb5 Qa6 39. Rd2 0-1

[Event "Las Palmas Open"]
[Site "Las Palmas ESP"]
[Date "1993.??.??"]
[Round "?"]
[White "Todorcevic, Miodrag"]
[Black "Alvarado Ascanio, Francisco"]
[Result "1-0"]
[WhiteElo "2480"]
[BlackElo "2140"]
[PlyCount "39"]
[EventDate "1993.09.??"]
[Source "www.chesslib.no"]
[SourceDate "2004.05.04"]

1. c4 c5 2. Nc3 Nf6 3. g3 d5 4. cxd5 Nxd5 5. Bg2 Nc7 6. d3 Nc6 7. Bxc6+ bxc6 8. Qa4 Bd7 9. Nf3 e6 10. Ne5 Nd5 11. Bd2 Be7 12. Rc1 O-O 13. Ne4 f5 14. Nxd7 Qxd7 15. Nxc5 Bxc5 16. Rxc5 Rac8 17. O-O e5 18. Rfc1 Rf6 19. Qc4 f4 20. Rxd5 1-0